| 000 | 01059nam a2200289 a 4500 | ||
|---|---|---|---|
| 001 | 000002460 | ||
| 003 | DO-SdBNP | ||
| 005 | 20250128193628.0 | ||
| 007 | ta | ||
| 008 | 090702e2001 dr ac gr 001 edspa d | ||
| 020 | _a9993423211 | ||
| 040 |
_aDO-SdBNP _bspa _cBNPHU |
||
| 082 | 4 |
_bE77a _222 |
|
| 100 | 1 |
_aEspinal Hernández, Edwin, _d1971- _98396 |
|
| 245 | 1 | 0 |
_aAsociación para el desarrollo, inc. : _b40 años, una historia / _cEdwin Espinal Hernández ; prólogo, Alejandro E. Grullón E. ; presentación, Félix M. García C. |
| 260 |
_aSanto Domingo : _bBanco Popular, _c2001 |
||
| 300 |
_a348 p. : _bil., retrs. ; _c23 cm. |
||
| 500 | _aIncluye índice. | ||
| 500 | _aIncluye bibliografía y notas a pie de páginas. | ||
| 590 | _aInventariado 2023 / MF | ||
| 650 | 4 |
_99619 _aOrganizaciones no-gubernamentales _zRepública Dominicana |
|
| 700 | 1 |
_aEspinal Hernández, Edwin, _d1971- _epról. _98396 |
|
| 700 | 1 |
_aC. García, Félix M. _97762 |
|
| 710 | 2 |
_aBanco Popular de la República Dominicana _97760 |
|
| 910 | _aMFeliz | ||
| 942 |
_2ddc _cLBS1 |
||
| 999 |
_c2296 _d2296 |
||